| 000 | 00360nam a22001577a 4500 | ||
|---|---|---|---|
| 003 | OSt | ||
| 008 | 240322b |||||||| |||| 00| 0 eng d | ||
| 100 | _aSILBERSCHATZ,Abraham | ||
| 245 | _aDatabase System Concepts | ||
| 250 | _a7th Ed | ||
| 260 |
_aNew Delhi _bTMH |
||
| 300 | _a1344 | ||
| 700 | _aKORTH,Henry F | ||
| 700 | _aSUDARSHAN,S | ||
| 942 |
_2ddc _cREF |
||
| 999 |
_c12250 _d12250 |
||